Asian countries in Chinese - Statistics

General Stats
  • This quiz has been taken 78 times
  • The average score is 14 of 15
Answer Stats
Hint Answer % Correct
Yindu India
96%
Riben Japan
96%
Sililanka Sri Lanka
96%
Yemen Yemen
96%
Budan Bhutan
93%
Yilang Iran
93%
Jierjisitan Kyrgyzstan
93%
Malaixiya Malaysia
93%
Hanguo South Korea
93%
Balin Bahrain
89%
Hasakesitan Kazakhstan
89%
Chaoxian North Korea
89%
Miandian Myanmar
86%
Wenlai Brunei
79%
Jianpuzai Cambodia
79%
No matching quizzes found
Score Distribution
Percent of People with Each Score
Percentile by Number Answered
Your Score History
You have not taken this quiz